| 000 | 00481nam a2200181Ia 4500 | ||
|---|---|---|---|
| 003 | GCL | ||
| 008 | 140319s9999 xx 000 0 eng d | ||
| 040 |
_aGCL / _cGCL |
||
| 082 | 0 | 4 |
_a843 _bP Q |
| 100 | 1 | _aPEREC, GEORGES | |
| 245 | 1 | 0 |
_aQUEL PETIT VELO A GUIDON CHROME AU FOND DE LA COUR ? / _cPEREC, GEORGES |
| 260 |
_a[S.N] : _bFOLIO ، _c1994 |
||
| 300 | _a709 P | ||
| 490 |
_aCOLLECTION FOLIO _v0 |
||
| 650 | 0 | 4 | _aLITERATURE |
| 650 | 0 | 4 | _aFRENCH LITERATURE |
| 942 |
_2ddc _cBK |
||
| 999 |
_c22743 _d22743 |
||